000 006390000a22002170004500
003 LK-CoMWRAF
005 20231130155750.0
008 230817t1997 ||||| |||| 00| 0 eng d
040 _aLK-CoMWRAF
_dLK-CoMWRAF
_eLK-CoMWRAF
041 _aeng
082 _a323.1
_bWOM
245 _aWomen for peace
260 _aBelgrade:
_bWomen in Black,
_c1997
300 _avii, 311 p.
650 _aYugoslav War, 1991-1995--Protest movements
650 _aYugoslav War, -Women
650 _aPeace movements--Yugoslavia--History--20th century
650 _aYugoslavia--Politics and government
700 _aZajović, Staša
_eed.
942 _cBK
999 _c2025
_d2025